| 000 | 00000cas 2200000zi 4500 |
| 001 | 9.936804 |
| 003 | CaOODSP |
| 005 | 20260127091017 |
| 006 | m o d f |
| 007 | cr cn |||||||| |
| 008 | 240415c20249999oncqr p o s f0### 0fre|d |
| 040 | |aCaOODSP|bfre|erda|cCaOODSP |
| 043 | |an-cn--- |
| 086 | 1 |aSG3-2F-PDF |
| 245 | 00|aMontants maximaux des prestations et données connexes : |bRégime de pensions du Canada (RPC), ... et Sécurité de la vieillesse (SV), ... |
| 264 | 1|a[Ottawa] : |bEmployment and Social Development Canada = Emploi et développement social Canada, |c[2024]- |
| 310 | |aTrimestriel |
| 336 | |atexte|btxt|2rdacontent/fre |
| 337 | |ainformatique|bc|2rdamedia/fre |
| 338 | |aressource en ligne|bcr|2rdacarrier/fre |
| 362 | 1 |aParaît depuis : Janvier à mars 2024. |
| 500 | |aPublié aussi en anglais sous le titre : Maximum benefit amounts and related figures : Canada Pension Plan (CPP), ... and Old Age Security (OAS), ... |
| 588 | |aDescription d'après : Janvier à mars 2024; titre de départ du fichier PDF. |
| 588 | |aDernière livraison consultée : Avril à juin 2024. |
| 610 | 26|aReĢgime de pensions du Canada|vStatistiques|vPériodiques. |
| 650 | 6|aPensions|zCanada|vStatistiques|vPériodiques. |
| 650 | 6|aRégimes de retraite|zCanada|vStatistiques|vPériodiques. |
| 650 | 6|aPensions de vieillesse|zCanada|vStatistiques|vPériodiques. |
| 655 | 7|aPériodiques|2rvmgf |
| 710 | 1 |aCanada. |bEmploi et développement social Canada, |eorganisme de publication. |
| 775 | 08|tMaximum benefit amounts and related figures : |w(CaOODSP)9.936805 |
| 780 | 00|tMontants trimestriels des prestations et données connexes du Régime de pensions du Canada et de la Sécurité de la vieillesse.|w(CaOODSP)9.918942 |